| 000 | | | 03774nmc2a22002413x 450 |
| 001 | | | e1f78ada-e27d-4dee-b57a-3cb27a244330 |
| 005 | | | 20230424185602.0 |
| 100 | ## | $a | 20221110l18701870k l0rusy0189 ca |
| 101 | 0# | $a | rus |
| 102 | ## | $a | RU |
| 105 | ## | $a | y### |
| 122 | 2# | $a | d |
| 200 | 1# | $a | Дело по отношению господина попечителя Одесского учебного округа об исходатайствовании разрешения на подчинение доходных и переходящих сумм фермы Новороссийского университета действию постановлений, существующих для специальных средств университета |
| | $j | 2 марта - 14 ноября 1870 г. |
| 215 | ## | $a | 22 л. |
| | $d | 36,5х26 см |
| 251 | ## | $c | Дело |
| 300 | ## | $a | На обложке указано: "По бухгалтерии" |
| 371 | ## | $a | Документ не является опубликованным и широко распространяемым |
| 461 | #0 | $1 | 001a74412a3-3cc5-4d21-8f0a-dfe2fbd9e72d |
| | $1 | 2001 |
| | $a | Департамент народного просвещения Министерства народного просвещения (1803-1917) |
| | $1 | 251 |
| | $c | Фонд |
| | $1 | 852 |
| | $j | 733 |
| 462 | #0 | $1 | 00168ef73bb-909a-4bc7-ae4f-3def6f15d095 |
| | $1 | 2001 |
| | $a | Счетный разряд. Сметный стол |
| | $1 | 251 |
| | $c | Опись |
| | $1 | 852 |
| | $j | 214 |
| 801 | #0 | $a | RU |
| | $b | РГИА |
| | $c | 20221110 |
| | $g | RCR |
| 801 | #1 | $a | RU |
| | $b | ГлавНИВЦ |
| | $c | 20221110 |
| | $2 | rusmarc |
| 801 | #2 | $a | RU |
| | $b | ПБ им. Б.Н. Ельцина |
| | $c | 20230424 |
| | $g | RCR |
| | $2 | rusmarc |
| 850 | ## | $a | РГИА |
| 852 | ## | $a | РГИА |
| | $e | Федеральное казенное учреждение "Российский государственный исторический архив" (РГИА) |
| | $j | 29 |
| 937 | ## | $h | РГИА |
| | $d | 12393947 |
| | $a | ASBIBLIO_SCAN |
| 035 | ## | $a | RusGRCC00055822 |
| 856 | ## | $u | http://readingroom.main.prlib.ru/item.aspx?id_node=n184847604&mode=full |